| 000 | 00862cam a22002653a 4500 | ||
|---|---|---|---|
| 001 | 32178 | ||
| 003 | PGUSA | ||
| 005 | 20140828083710.0 | ||
| 008 | 100429s2010||||xxu|||||s|||||000 | eng d | ||
| 040 |
_aPGUSA _beng |
||
| 042 | _adc | ||
| 050 | 4 | _aF1201 | |
| 100 | 1 |
_aWise, H. A. _q(Henry Augustus), _d1819-1869 |
|
| 245 | 1 | 0 |
_aLos Gringos : _bOr, An Inside View of Mexico and California, with Wanderings in Peru, Chili, and Polynesia _h[electronic resource] / _cH. A. Wise |
| 260 |
_bProject Gutenberg, _c2010 |
||
| 506 | _aPublic domain in the USA. | ||
| 516 | _aElectronic text | ||
| 653 | _aVoyages to the Pacific coast | ||
| 653 | _aPolynesia | ||
| 653 | _aMexico -- Description and travel | ||
| 653 | _aCalifornia -- Description and travel | ||
| 830 | 0 |
_aProject Gutenberg _v32178 |
|
| 856 | 4 | 0 | _uhttp://www.gutenberg.org/ebooks/32178 |
| 942 | _cEB | ||
| 999 |
_c261433 _d261433 |
||